| 000 -LEADER |
| fixed length control field |
00749nam a22002417a 4500 |
| 001 - CONTROL NUMBER |
| control field |
21347 |
| 003 - CONTROL NUMBER IDENTIFIER |
| control field |
BD-DhUAP |
| 005 - DATE AND TIME OF LATEST TRANSACTION |
| control field |
20211226111945.0 |
| 008 - FIXED-LENGTH DATA ELEMENTS--GENERAL INFORMATION |
| fixed length control field |
211212b20012015enka|||| |||| 001 0beng d |
| 020 ## - INTERNATIONAL STANDARD BOOK NUMBER |
| International Standard Book Number |
9780714870212 |
| 040 ## - CATALOGING SOURCE |
| Original cataloging agency |
BD-DhUAP |
| Language of cataloging |
eng |
| Transcribing agency |
BD-DhUAP |
| Modifying agency |
BD-DhUAP |
| Description conventions |
BD-DhUAP |
| 082 ## - DEWEY DECIMAL CLASSIFICATION NUMBER |
| Edition number |
23 |
| Classification number |
720.92 MCC |
| 100 ## - MAIN ENTRY--PERSONAL NAME |
| Personal name |
Mccarter, Robert. |
| 245 ## - TITLE STATEMENT |
| Title |
Steven Holl / |
| Statement of responsibility, etc. |
Robert McCarter. |
| 250 ## - EDITION STATEMENT |
| Edition statement |
1st Edition |
| 260 ## - PUBLICATION, DISTRIBUTION, ETC. |
| Place of publication, distribution, etc. |
London : |
| Name of publisher, distributor, etc. |
Phaidon Press Limited, |
| Date of publication, distribution, etc. |
2015. |
| 300 ## - PHYSICAL DESCRIPTION |
| Extent |
340 Pages : |
| Dimensions |
illustrations; |
| Other physical details |
29 cm. |
| 504 ## - BIBLIOGRAPHY, ETC. NOTE |
| Bibliography, etc. note |
Includes index. bibliographical reference. |
| 600 ## - SUBJECT ADDED ENTRY--PERSONAL NAME |
| Personal name |
Holl, Steven. |
| 650 ## - SUBJECT ADDED ENTRY--TOPICAL TERM |
| Topical term or geographic name entry element |
Architecture |
| Source of heading or term |
|
| Form subdivision |
Holl, Steven Works ,Selections. |
| 700 ## - ADDED ENTRY--PERSONAL NAME |
| Personal name |
McCarter, Robert, |
| Dates associated with a name |
1955- |
| Relator term |
author. |
| 942 ## - ADDED ENTRY ELEMENTS (KOHA) |
| Source of classification or shelving scheme |
|
| Koha item type |
Book |